| 000 | 01331cam a2200229 4500 | ||
|---|---|---|---|
| 001 | J125089 | ||
| 008 | 111205n2004 000 0 eng u | ||
| 035 | _a(Sirsi) u125089 | ||
| 041 | _aeng | ||
| 050 |
_a630.1 _c18 |
||
| 110 | _aDEFRA | ||
| 245 | _aDiversification in agriculture | ||
| 260 |
_aLondon _bDEFRA _c2004 |
||
| 520 | _aA statistical report collating information from various surveys on diversification. Explains the differences between them and examines the statistical definition of diversification. Sources included are the annual June "Agriculture and horticulture census", the "Farm business survey", the "Farm diversification benchmarking study" and the "Survey of personal incomes". Shows that diversification earnings in England exceeded £100 m for the first time and found that over half of full-time farmers have diversified and that average earnings in 2002/03 from diversification were £1 800 per farm, a rise of 30% on the previous year. View at statistics.defra.gov.uk. | ||
| 650 | _aRURAL DIVERSIFICATION | ||
| 650 | _aFARMS | ||
| 650 | _aFARM INCOME | ||
| 650 | _aENGLAND | ||
| 690 | _aRURAL-FARM BUSINESS MANAGEMENT | ||
| 856 |
_uhttps://www.defra.gov.uk/statistics/files/defra-stats-fbs-diversification-agriculture.pdf _zView the report free of charge on the DEFRA website |
||
| 942 | _n0 | ||
| 999 |
_c103336 _d103336 |
||